Statistics for Pac-12 Logos

Click here to take the quiz!

General Stats

  • This quiz has been taken 270 times
  • The average score is 12 of 12

Answer Stats

Answer% Correct
California Golden Bears
100%
UCLA Bruins
100%
Oregon Ducks
99%
Stanford Cardinal
99%
Washington Huskies
99%
Arizona Wildcats
98%
Utah Utes
97%
Colorado Buffaloes
96%
USC Trojans
94%
Arizona State Sun Devils
93%
Oregon State Beavers
91%
Washington State Cougars
83%

Score Distribution

Percentile by Number Answered

Percent of People with Each Score

Your Score History

You have not taken this quiz